000 00813nam a22002297a 4500
003 OSt
005 20220822165216.0
008 220822t2012 ck a|||jr|||| 00| 1 spa d
020 _a9789583036248
040 _aCO-JMCR
_cCO-JMCR
041 0 _aspa
082 0 4 _aC /
_bSAM
245 1 0 _aSamuráis y otros guerreros
260 _aBogotá :
_bPanamericana,
_c2012.
300 _a[7] páginas :
_bilustraciones ;
_c36 cm.
505 0 _aEl samurai y sus armas -- El samurái y su señor -- El samurái y sus costumbres -- El duelo: samurái contra ronin -- Samurái y ninja -- El samurái: meditación y escritura.
521 1 _aNo recomendado para menores de 36 meses.
_bTapa posterior.
650 1 4 _aLiteratura juvenil
_97569
650 1 4 _aCultura japonesa
_942314
650 2 4 _2Samurái
942 _2ddc
_cBK
999 _c29730
_d16114